Normal view
MARC view
- TECHNOLOGY & ENGINEERING
Entry Topical Term
001 - CONTROL NUMBER
- control field: 101053
003 - CONTROL NUMBER IDENTIFIER
- control field: NUST
005 - DATE AND TIME OF LATEST TRANSACTION
- control field: 20221020174811.0
008 - FIXED-LENGTH DATA ELEMENTS
- fixed length control field: 221020|| aca||aabn | a|a d
040 ## - CATALOGING SOURCE
- Original cataloging agency: NUST
- Transcribing agency: NUST
150 ## - HEADING--TOPICAL TERM
- Topical term or geographic name entry element: TECHNOLOGY & ENGINEERING
- General subdivision: Engineering (General)
670 ## - SOURCE DATA FOUND
- Source citation: Work cat.: (NUST)212514: Systems engineering, c2011.
